000 00674nam a2200229Ia 4500
003 OSt
005 20220923211627.0
006 a|||||r|||| 00| 0
007 ta
008 220922b |||||||| |||| 00| 0 hin d
024 _a26,217
037 _cTextual
040 _aARTS
_cARTS
_bhin
041 _2hin
_ahin
082 _aQ122:24, 152N4.1-.3
100 _aकाशिकानन्द
245 0 _aकठोपनिषत
_b प्रवचन संदर्भ
246 _aKaṭhopaniṣhata: pravachan sandarbha
260 _c1994
942 _hQ122:24, 152N4.1-.3
_cTEXL
_2CC
999 _c301674
_d301674